LIBRARY ONLINE CATALOGUE

Plan your work/ work your plan / (Record no. 7744)

MARC details
000 -LEADER
fixed length control field 00554nam a22001932 4500
001 - CONTROL NUMBER
control field 0000008833
005 - DATE AND TIME OF LATEST TRANSACTION
control field 20151217152042.0
008 - FIXED-LENGTH DATA ELEMENTS--GENERAL INFORMATION
fixed length control field 080611s xx 000 0 eng d
020 ## - INTERNATIONAL STANDARD BOOK NUMBER
International Standard Book Number 1560520787 :
Terms of availability KES 650
040 ## - CATALOGING SOURCE
Original cataloging agency KABU
Transcribing agency KABU
100 1# - MAIN ENTRY--PERSONAL NAME
Personal name Sherman, James R.
-- 0000159609
245 10 - TITLE STATEMENT
Title Plan your work/ work your plan /
Statement of responsibility, etc. James R. Sherman.
260 ## - PUBLICATION, DISTRIBUTION, ETC. (IMPRINT)
Place of publication, distribution, etc. Boston :
Name of publisher, distributor, etc. Thomson,
Date of publication, distribution, etc. 1991.
300 ## - PHYSICAL DESCRIPTION
Extent iv, 74 p.
650 #0 - SUBJECT ADDED ENTRY--TOPICAL TERM
Topical term or geographic name as entry element Management
General subdivision Planning.
-- 0000159610
908 ## - PUT COMMAND PARAMETER (RLIN)
Put command parameter 080611
950 ## - LOCAL HOLDINGS (RLIN)
-- 1
Holdings
Withdrawn status Lost status Source of classification or shelving scheme Not for loan Home library Current library Date acquired Total Checkouts Full call number Barcode Date last seen Price effective from Koha item type
    Library of Congress Classification   Kabarak, Main Campus Kabarak, Main Campus 17/12/2015   HD30.28 .S54 c. 1 012265 02/08/2024 17/12/2015 General Collection